| 000 | 00874nam a22002057a 4500 | ||
|---|---|---|---|
| 999 |
_c7215 _d7215 |
||
| 003 | AR-CdUCM | ||
| 008 | 190320b ||||| |||| 00| 0 spa d | ||
| 040 |
_aMUNICIPALIDAD PROVINCIAL DEL CUSCO _cBIBLIOTECA MUNICIPAL DEL CUSCO |
||
| 082 |
_a631.3 / _bF65 |
||
| 100 |
_aFlores Cordova, Mauricio _920338 |
||
| 245 | _aMaquina Agricola / | ||
| 260 |
_aPerú : _c1982. |
||
| 300 |
_a154 páginas ; _c25.2 cm. |
||
| 505 | _aContenido : Implementos para labranza a a mano -- Maquinarias de traccion para labranzas -- Modificaciones Introducidas en el arado simple -- Mecanica de los Arados -- Maquinas para Labranzas complementarias del suelo -- Nivelacion de los Terrenos... | ||
| 650 |
_aIndustrializacion Agricola _920339 |
||
| 650 |
_aPrincipios de la Industria Agricola _920340 |
||
| 650 |
_aTecnicas y Tecnologias Agricolas _920341 |
||
| 942 |
_2ddc _cLIBROS |
||
| 945 | _artm | ||